Normal view
MARC view
- Abhiram Babu
Entry Personal Name
001 - CONTROL NUMBER
- control field: 7727
003 - CONTROL NUMBER IDENTIFIER
- control field: OSt
005 - DATE AND TIME OF LATEST TRANSACTION
- control field: 20250819114202.0
008 - FIXED-LENGTH DATA ELEMENTS
- fixed length control field: 250819|| aca||aabn | a|a d
040 ## - CATALOGING SOURCE
- Original cataloging agency: OSt
- Transcribing agency: OSt
100 ## - HEADING--PERSONAL NAME
- Personal name: Abhiram Babu
670 ## - SOURCE DATA FOUND
- Source citation: Work cat.: (OSt)19477: Abhiram Babu, Real time monitoring of microclimatic parameters of polyhouse using IOT embeeded sensor system /, 2025
